Statistics for Blindern Busser siden 2022 (Dekknavn)

Click here to take the quiz!

General Stats

  • This quiz has been taken 93 times
    (24 since last reset)
  • The average score is 8 of 12

Answer Stats

HintAnswer% Correct
A Gutter 2023Babelaid
100%
A Gutter 2024Hello Kitty
94%
B Gutter 2023Mizaru
94%
B Gutter 2024Offpissed
94%
C Gutter 2024Slickback
94%
A Jenter 2023Bundasliga
89%
A Jenter 2024Rullett
83%
B Jenter 2024Shefield
72%
A Gutter 2022Shaka
56%
B Gutter 2022Snapback
28%
Jenter 2022Banzai
22%
B Jenter 2023Jitney
11%

Score Distribution

Percentile by Number Answered

Percent of People with Each Score

Your Score History

You have not taken this quiz since the last reset